[Event "Tsaghkadzor op"]
[Site "Tsaghkadzor"]
[Date "2023.09.26"]
[Round "8"]
[White "Harutyunian, Tigran K"]
[Black "Aitbayev, Aslan"]
[Result "1-0"]
[WhiteElo "2524"]
[BlackElo "2394"]
[PlyCount "89"]
[EventDate "2023.09.20"]
[EventType "swiss"]
[EventRounds "9"]
[EventCountry "ARM"]
[SourceTitle "EXT 2024"]
[Source "ChessBase"]
[SourceDate "2023.10.10"]
[SourceVersion "1"]
[SourceVersionDate "2023.10.10"]
[SourceQuality "1"]

1. Nf3 d5 2. g3 c6 3. Bg2 Bg4 4. 0-0 Nf6 5. h3 Bh5 6. d4 e6 7. c4 Nbd7 8. cxd5 exd5 9. Ne5 Bg6 10. Nc3 Be7 11. f4 Be4 12. Bxe4 Nxe4 13. Nxe4 dxe4 14. Qb3 Nxe5 15. dxe5 Qb6+ 16. Be3 Bc5 17. Bxc5 Qxc5+ 18. Kg2 0-0 19. Rac1 Qb6 20. Rc4 Qxb3 21. axb3 Rfd8 22. Rxe4 Rd2 23. Rb1 Rad8 24. Kf3 R8d5 25. g4 Kf8 26. h4 Ke7 27. h5 a5 28. Ke3 g6 29. f5 Rc2 30. hxg6 hxg6 31. Kf4 Rdd2 32. Re1 gxf5 33. gxf5 Rxb2 34. e6 fxe6 35. Rxe6+ Kf7 36. e4 Rxb3 37. Rh1 Rf2+ 38. Ke5 Rb5+ 39. Kd6 a4 40. Rh7+ Kg8 41. Reh6 Rf4 42. Rh8+ Kg7 43. R6h7+ Kf6 44. Rf8+ Kg5 45. Rg8+ 1-0

[Event "Astana Zhuldyzdary op-A"]
[Site "Astana"]
[Date "2023.07.16"]
[Round "8"]
[White "Aitbayev, Aslan"]
[Black "Bulatov, Ramil"]
[Result "1-0"]
[WhiteElo "2403"]
[BlackElo "2132"]
[PlyCount "59"]
[EventDate "2023.07.11"]
[EventType "swiss"]
[EventRounds "10"]
[EventCountry "KAZ"]
[SourceTitle "CBM 215 Extra"]
[Source "ChessBase"]
[SourceDate "2023.09.30"]
[SourceVersion "1"]
[SourceVersionDate "2023.09.30"]
[SourceQuality "1"]

1. e4 e6 2. d4 d5 3. Nd2 a6 4. Ngf3 c5 5. exd5 exd5 6. Be2 Nf6 7. 0-0 Be7 8. dxc5 Bxc5 9. Nb3 Bb6 10. Bg5 0-0 11. c3 Nc6 12. Nfd4 h6 13. Be3 Ne5 14. Qc2 Nc4 15. Bf4 g5 16. Bg3 Ne4 17. Bxc4 Nxg3 18. Bxd5 Qxd5 19. hxg3 Bg4 20. c4 Qd7 21. c5 Rac8 22. Qc3 Rfd8 23. Nf3 Qf5 24. Ne5 Bh5 25. g4 Bxg4 26. Qg3 Be2 27. Rfe1 Bc7 28. Rxe2 Re8 29. Rae1 f6 30. Nd4 1-0

[Event "Asian Continental op 20th"]
[Site "Almaty"]
[Date "2023.06.07"]
[Round "5"]
[White "Mukhametkali, Merey"]
[Black "Aitbayev, Aslan"]
[Result "0-1"]
[WhiteElo "1939"]
[BlackElo "2416"]
[PlyCount "68"]
[EventDate "2023.06.04"]
[EventType "swiss"]
[EventRounds "9"]
[EventCountry "KAZ"]
[SourceTitle "CBM 214 Extra"]
[Source "ChessBase"]
[SourceDate "2023.07.31"]
[SourceVersion "1"]
[SourceVersionDate "2023.07.31"]
[SourceQuality "1"]

1. e4 e6 2. d4 d5 3. Nd2 c5 4. exd5 Qxd5 5. Ngf3 cxd4 6. Bc4 Qd6 7. 0-0 Nf6 8. Nb3 Nc6 9. Nbxd4 Nxd4 10. Nxd4 Be7 11. c3 0-0 12. Qf3 Qc7 13. Bb3 a5 14. a4 Bd7 15. Bc2 Rfd8 16. Re1 Be8 17. Re2 Rac8 18. Bg5 Nd5 19. Bxe7 Nxe7 20. Rae1 Ng6 21. g3 Nf8 22. h4 Qb6 23. Qe3 Nd7 24. Nb3 Qc7 25. Qg5 b6 26. Rd2 Nf6 27. Rxd8 Rxd8 28. Nd4 Rxd4 29. cxd4 Qxc2 30. d5 h6 31. Qe5 Nxd5 32. Qb8 Qxa4 33. Rc1 Qb5 34. Rc8 Nf6 0-1

[Event "Asian Continental op 20th"]
[Site "Almaty"]
[Date "2023.06.05"]
[Round "2"]
[White "Aitbayev, Aslan"]
[Black "Aronyak, Ghosh"]
[Result "1/2-1/2"]
[WhiteElo "2416"]
[BlackElo "2534"]
[PlyCount "66"]
[EventDate "2023.06.04"]
[EventType "swiss"]
[EventRounds "9"]
[EventCountry "KAZ"]
[SourceTitle "CBM 214 Extra"]
[Source "ChessBase"]
[SourceDate "2023.07.31"]
[SourceVersion "1"]
[SourceVersionDate "2023.07.31"]
[SourceQuality "1"]

1. e4 c5 2. Nf3 d6 3. d4 Nf6 4. Nc3 cxd4 5. Nxd4 a6 6. Be3 e6 7. Be2 Qc7 8. a4 Nc6 9. 0-0 Be7 10. f4 0-0 11. Kh1 Nxd4 12. Qxd4 Bd7 13. e5 Ne8 14. Rad1 Bc6 15. exd6 Nxd6 16. Qb6 Rac8 17. Qxc7 Rxc7 18. Bb6 Rcc8 19. Kg1 Be8 20. Bd4 Nf5 21. Bf2 Bc6 22. Bb6 Bf6 23. a5 Bd8 24. Bxd8 Rfxd8 25. Kf2 Nd4 26. Bd3 h6 27. Ne2 Kf8 28. Nxd4 Rxd4 29. g3 g5 30. Ke3 Rcd8 31. c3 gxf4+ 32. gxf4 R4d5 33. Be2 Ke7 1/2-1/2

[Event "Asian Continental blitz op 20th"]
[Site "Almaty"]
[Date "2023.06.03"]
[Round "5"]
[White "Pranav, V."]
[Black "Aitbayev, Aslan"]
[Result "1-0"]
[WhiteElo "2597"]
[BlackElo "2427"]
[PlyCount "63"]
[EventDate "2023.06.03"]
[EventType "swiss (blitz)"]
[EventRounds "9"]
[EventCountry "KAZ"]
[SourceTitle "CBM 214 Extra"]
[Source "ChessBase"]
[SourceDate "2023.07.31"]
[SourceVersion "1"]
[SourceVersionDate "2023.07.31"]
[SourceQuality "1"]

1. e4 e6 2. d3 d5 3. Nd2 c5 4. Ngf3 Nc6 5. g3 Nf6 6. Bg2 g6 7. 0-0 Bg7 8. exd5 Nxd5 9. Re1 0-0 10. h4 h6 11. Nc4 Qc7 12. a4 b6 13. c3 Ba6 14. Nh2 Rad8 15. Qe2 Nde7 16. Bf4 Qd7 17. Rad1 Nd5 18. Bd2 Kh7 19. Bc1 e5 20. Ng4 f6 21. h5 g5 22. Nge3 Nxe3 23. Nxe3 f5 24. g4 e4 25. Nxf5 Bxd3 26. Qe3 Ne5 27. Bxe4 c4 28. f3 Kh8 29. b3 Qe6 30. bxc4 Bxc4 31. Nxg7 Kxg7 32. Bf5 1-0

[Event "Kazakhstan Cup"]
[Site "Astana"]
[Date "2023.04.25"]
[Round "3"]
[White "Kovalev, Vladislav"]
[Black "Aitbayev, Aslan"]
[Result "1-0"]
[WhiteElo "2612"]
[BlackElo "2427"]
[PlyCount "74"]
[EventDate "2023.04.23"]
[EventType "swiss"]
[EventRounds "9"]
[EventCountry "KAZ"]
[SourceTitle "CBM 213 Extra"]
[Source "ChessBase"]
[SourceDate "2023.05.31"]
[SourceVersion "1"]
[SourceVersionDate "2023.05.31"]
[SourceQuality "1"]

1. e4 e6 2. d4 d5 3. Nc3 Bb4 4. Nge2 dxe4 5. a3 Be7 6. Nxe4 Nf6 7. Nxf6+ Bxf6 8. Be3 0-0 9. Qd2 Nd7 10. 0-0-0 Be7 11. h4 Nf6 12. Nc3 a6 13. h5 b5 14. h6 g6 15. Bg5 Bb7 16. Qe1 Nd7 17. Bf4 Bd6 18. Qe3 Bxf4 19. Qxf4 Rc8 20. Bd3 Bxg2 21. Rhg1 Bb7 22. Be4 Bxe4 23. Nxe4 Qe7 24. Rg3 f6 25. Rc3 e5 26. dxe5 Nxe5 27. Rc5 Rce8 28. Rcd5 f5 29. Nc5 Nc4 30. Nxa6 Qf6 31. Rxb5 Nxa3 32. Ra5 Re4 33. Qxc7 Nc4 34. Rb5 Qg5+ 35. Kb1 Qxh6 36. Rb7 Rh4 37. b3 Na3+ 1-0

[Event "Titled Tuesday intern op 04th Apr Early"]
[Site "Chess.com INT"]
[Date "2023.04.04"]
[Round "2"]
[White "Grutter, Tim"]
[Black "Aitbayev, Aslan"]
[Result "0-1"]
[WhiteElo "2353"]
[BlackElo "2427"]
[PlyCount "92"]
[EventDate "2023.04.04"]
[EventType "swiss (blitz)"]
[EventRounds "11"]
[EventCountry "USA"]
[SourceTitle "EXT 2024"]
[Source "ChessBase"]
[SourceDate "2023.10.10"]
[SourceVersion "1"]
[SourceVersionDate "2023.10.10"]
[SourceQuality "1"]

1. e4 e6 2. d4 d5 3. Nc3 Bb4 4. exd5 exd5 5. Bd3 Nc6 6. Nge2 Nge7 7. a3 Bxc3+ 8. bxc3 Bf5 9. 0-0 0-0 10. Ng3 Bg6 11. Bf4 Qd7 12. Rb1 Na5 13. Re1 b6 14. h4 Rfe8 15. h5 Bxd3 16. cxd3 f6 17. Qf3 Rad8 18. Bd2 h6 19. Bf4 Nac6 20. Re2 Nc8 21. Rbe1 Rxe2 22. Rxe2 N6e7 23. Nf1 Nd6 24. Bxd6 Qxd6 25. Ng3 Qxa3 26. Nf5 Nxf5 27. Qxf5 Qd6 28. Qg6 Qd7 29. c4 dxc4 30. dxc4 Qf7 31. d5 Qxg6 32. hxg6 a5 33. f4 a4 34. Kf2 a3 35. Ra2 Ra8 36. Ke3 Kf8 37. Kd4 Ke7 38. c5 Ra4+ 39. Kc3 bxc5 40. Kb3 Ra7 41. Re2+ Kd6 42. Ka2 c6 43. dxc6 Kxc6 44. Re8 c4 45. Rf8 c3 46. Rf7 Rc7 0-1

[Event "Titled Tuesday intern op 07th Feb Early"]
[Site "Chess.com INT"]
[Date "2023.02.07"]
[Round "5"]
[White "Aitbayev, Aslan"]
[Black "Adla, Diego Gustavo"]
[Result "1-0"]
[WhiteElo "2424"]
[BlackElo "2400"]
[PlyCount "73"]
[EventDate "2023.02.07"]
[EventType "swiss (blitz)"]
[EventRounds "11"]
[EventCountry "USA"]
[SourceTitle "EXT 2024"]
[Source "ChessBase"]
[SourceDate "2023.10.10"]
[SourceVersion "1"]
[SourceVersionDate "2023.10.10"]
[SourceQuality "1"]

1. e4 e5 2. Nf3 Nc6 3. Bb5 Bc5 4. c3 Qf6 5. d4 Bb6 6. Bxc6 bxc6 7. Nxe5 Ne7 8. 0-0 0-0 9. Nd2 d5 10. Nd3 Ng6 11. e5 Qe7 12. a4 a5 13. b3 Re8 14. Ba3 Qh4 15. Qf3 Ba6 16. Rfe1 Bxd4 17. g3 Qh6 18. cxd4 Qxd2 19. Rad1 Qc3 20. Bc5 Qxb3 21. Re3 Bxd3 22. Rdxd3 Qxa4 23. h4 Nf8 24. Qg4 Ne6 25. Rc3 Qa1+ 26. Kg2 a4 27. Ba3 Ra6 28. h5 h6 29. Rf3 Qb1 30. Rcd3 Qe1 31. Qf5 Nd8 32. Qd7 Re6 33. Qxd8+ Kh7 34. Rxf7 Qe4+ 35. Rdf3 Qg4 36. Qd7 Ra8 37. Bf8 1-0

[Event "KAZ-ch"]
[Site "Semey"]
[Date "2022.12.09"]
[Round "11"]
[White "Suleymenov, Alisher"]
[Black "Aitbayev, Aslan"]
[Result "0-1"]
[WhiteElo "2491"]
[BlackElo "2421"]
[PlyCount "64"]
[EventDate "2022.12.02"]
[EventType "tourn"]
[EventRounds "13"]
[EventCountry "KAZ"]
[EventCategory "7"]
[SourceTitle "CBM 211 Extra"]
[Source "ChessBase"]
[SourceDate "2023.01.31"]
[SourceVersion "1"]
[SourceVersionDate "2023.01.31"]
[SourceQuality "1"]

1. e4 d6 2. d4 g6 3. c4 Bg7 4. Nc3 e5 5. d5 Nd7 6. Bd3 Ne7 7. h4 Nf6 8. Be2 c6 9. h5 gxh5 10. Nf3 Ng6 11. dxc6 bxc6 12. c5 d5 13. exd5 Nxd5 14. Ng5 0-0 15. Qc2 Ndf4 16. Bxf4 exf4 17. Rxh5 Re8 18. Nge4 f3 19. gxf3 Nf4 20. Ng5 h6 21. Qh7+ Kf8 22. Nce4 Nxh5 23. Nxf7 Kxf7 24. Rd1 Qa5+ 25. Kf1 Be6 26. f4 Nxf4 27. Nd6+ Kf8 28. Bc4 Bxc4+ 29. Nxc4 Qxc5 30. Rd7 Qxc4+ 31. Kg1 Re1+ 32. Kh2 Rh1+ 0-1

[Event "KAZ-ch"]
[Site "Semey"]
[Date "2022.12.05"]
[Round "5"]
[White "Kazakov, Konstantin"]
[Black "Aitbayev, Aslan"]
[Result "0-1"]
[WhiteElo "2385"]
[BlackElo "2421"]
[PlyCount "126"]
[EventDate "2022.12.02"]
[EventType "tourn"]
[EventRounds "13"]
[EventCountry "KAZ"]
[EventCategory "7"]
[SourceTitle "CBM 211 Extra"]
[Source "ChessBase"]
[SourceDate "2023.01.31"]
[SourceVersion "1"]
[SourceVersionDate "2023.01.31"]
[SourceQuality "1"]

1. e4 e6 2. d4 d5 3. Nc3 Bb4 4. Nge2 dxe4 5. a3 Be7 6. Nxe4 Nf6 7. Nxf6+ Bxf6 8. Be3 0-0 9. Qd2 Nd7 10. 0-0-0 Be7 11. Nc3 Nf6 12. h4 a6 13. h5 b5 14. h6 g6 15. Bg5 Bb7 16. f3 Rb8 17. Be2 Bd5 18. Rhe1 c6 19. Qf4 a5 20. Qe5 b4 21. axb4 axb4 22. Ne4 Bxe4 23. fxe4 Ra8 24. Rf1 Ra1+ 25. Kd2 Ra5 26. d5 Ne8 27. Bxe7 Qxe7 28. Ke1 Qh4+ 29. g3 Qxh6 30. Qb8 cxd5 31. Qxb4 Ra8 32. exd5 exd5 33. Rxd5 Nc7 34. Rd1 Ne6 35. Qh4 Qe3 36. Rh1 h5 37. Kf1 Ra5 38. g4 Nd4 39. Qf2 Nxc2 40. Bd3 Ra4 41. Bxc2 Rf4 42. Rh2 hxg4 43. Qxf4 Qxf4+ 44. Rf2 Qe5 45. Bd3 Rd8 46. Re1 Qxe1+ 47. Kxe1 Rxd3 48. Rf4 Rb3 49. Rf2 g3 50. Rc2 f5 51. Kf1 f4 52. Kg2 Kg7 53. Kh3 Kf6 54. Kg4 g5 55. Rc6+ Ke5 56. Rc5+ Ke4 57. Rc2 Kd3 58. Rg2 Ke3 59. Rc2 Rd3 60. b4 Rd2 61. Rc1 Kf2 62. Kh3 g2 63. Kh2 g4 0-1

[Event "Speed Chess Q1"]
[Site "Chess.com INT"]
[Date "2022.11.10"]
[Round "2"]
[White "Aitbayev, Aslan"]
[Black "Sevian, Samuel"]
[Result "1-0"]
[WhiteElo "2421"]
[BlackElo "2687"]
[PlyCount "85"]
[EventDate "2022.11.10"]
[EventType "swiss (blitz)"]
[EventRounds "14"]
[EventCountry "USA"]
[SourceTitle "CBM 211 Extra"]
[Source "ChessBase"]
[SourceDate "2023.01.31"]
[SourceVersion "1"]
[SourceVersionDate "2023.01.31"]
[SourceQuality "1"]

1. e4 e5 2. Nf3 Nf6 3. d4 Nxe4 4. Bd3 Nc6 5. dxe5 Nc5 6. 0-0 d5 7. Bb5 Be7 8. Nd4 Bd7 9. Bxc6 bxc6 10. Nc3 Rb8 11. f4 g6 12. f5 gxf5 13. Nxf5 Bxf5 14. Rxf5 Ne6 15. Qh5 Bc5+ 16. Kh1 Qe7 17. Bh6 Rb4 18. g3 Rg8 19. Raf1 Rg6 20. b3 Qd7 21. Ne2 Re4 22. Nf4 Rxf4 23. R5xf4 Nxf4 24. Bxf4 h6 25. Bxh6 d4 26. Bf4 Qd5+ 27. Rf3 Be7 28. Kg2 Kd7 29. Qf5+ Kd8 30. Kf2 c5 31. h4 c4 32. h5 Ra6 33. h6 Rxa2 34. h7 Bf6 35. Qxf6+ Kd7 36. Qf5+ Kc6 37. h8Q cxb3 38. Qe8+ Kb7 39. g4 Rxc2+ 40. Kg3 Rc3 41. Qfc8+ Kb6 42. Rxc3 dxc3 43. Be3+ 1-0

[Event "Speed Chess Q1"]
[Site "Chess.com INT"]
[Date "2022.11.10"]
[Round "6"]
[White "Aitbayev, Aslan"]
[Black "Tsydypov, Zhamsaran"]
[Result "0-1"]
[WhiteElo "2421"]
[BlackElo "2534"]
[PlyCount "94"]
[EventDate "2022.11.10"]
[EventType "swiss (blitz)"]
[EventRounds "14"]
[EventCountry "USA"]
[SourceTitle "CBM 211 Extra"]
[Source "ChessBase"]
[SourceDate "2023.01.31"]
[SourceVersion "1"]
[SourceVersionDate "2023.01.31"]
[SourceQuality "1"]

1. e4 c6 2. d4 d5 3. e5 Bf5 4. Nd2 e6 5. Nb3 Nd7 6. Nf3 h6 7. Be2 Ne7 8. 0-0 g5 9. Ne1 c5 10. Nxc5 Nxc5 11. dxc5 Nc6 12. Bd3 Bxc5 13. Bxf5 exf5 14. Nd3 Bb6 15. Qh5 Nd4 16. e6 Nxe6 17. Re1 Qf6 18. Bxg5 Qxg5 19. Rxe6+ Kf8 20. Qxg5 hxg5 21. Re5 Rc8 22. c3 d4 23. cxd4 Bxd4 24. Rxf5 Rc2 25. Rd1 Rh6 26. Ne1 Re2 27. g3 Bb6 28. Nd3 g4 29. Kf1 Rc2 30. Kg2 Rd6 31. a3 a5 32. Rf4 Ba7 33. Rxg4 Bxf2 34. Kf3 Rf6+ 35. Rf4 Rxf4+ 36. gxf4 Bd4 37. h4 Bxb2 38. h5 Bxa3 39. Ne5 Bb2 40. Rd8+ Ke7 41. Rd7+ Ke6 42. Rd8 Bxe5 43. Re8+ Kf6 44. Rxe5 b6 45. Rb5 Rc6 46. Kg4 Kg7 47. Kg5 Rc5+ 0-1

[Event "Titled Tuesday intern op 25th Oct Early"]
[Site "Chess.com INT"]
[Date "2022.10.25"]
[Round "6"]
[White "Mirzoev, Azer"]
[Black "Aitbayev, Aslan"]
[Result "0-1"]
[WhiteElo "2462"]
[BlackElo "2421"]
[PlyCount "132"]
[EventDate "2022.10.25"]
[EventType "swiss (blitz)"]
[EventRounds "11"]
[EventCountry "USA"]
[SourceTitle "EXT 2024"]
[Source "ChessBase"]
[SourceDate "2023.10.10"]
[SourceVersion "1"]
[SourceVersionDate "2023.10.10"]
[SourceQuality "1"]

1. d4 d6 2. Nf3 g6 3. e4 Nf6 4. c3 Nxe4 5. Bc4 d5 6. Bb3 Bg7 7. 0-0 0-0 8. Re1 c6 9. Bf4 Nd7 10. Bc2 Ndf6 11. Qc1 Bf5 12. h3 Nd6 13. Bb3 Bxb1 14. Rxb1 Nfe4 15. Bc2 Re8 16. Ne5 f6 17. Nd3 e5 18. Bh2 Nf7 19. Bb3 Ned6 20. dxe5 fxe5 21. c4 dxc4 22. Bxc4 Nxc4 23. Qxc4 Qd5 24. Qc2 Rad8 25. Nc5 b6 26. Ne4 c5 27. b4 cxb4 28. Rxb4 Rc8 29. Qb1 Rc6 30. Bg3 Rec8 31. a4 Rc2 32. Rb5 Qa2 33. a5 Qxb1 34. Rexb1 Rc1+ 35. Rxc1 Rxc1+ 36. Kh2 Rc6 37. axb6 axb6 38. Rd5 Kf8 39. Rd7 Bf6 40. f3 Ke8 41. Rb7 Bd8 42. h4 Bc7 43. Ra7 Kd8 44. Ra8+ Kd7 45. Bf2 Bd8 46. Ra7+ Bc7 47. Ra8 Bd8 48. Ra7+ Ke6 49. Rb7 Bc7 50. Ra7 h6 51. Be3 Bd8 52. Bxh6 Nxh6 53. Rg7 Kd5 54. Kh3 Nf5 55. Rd7+ Kc4 56. Rxd8 b5 57. g4 Nd4 58. h5 gxh5 59. gxh5 b4 60. Rb8 b3 61. Nd2+ Kc3 62. Nxb3 Nxb3 63. Kg4 Nd4 64. f4 e4 65. Re8 Kd3 66. Kg5 Rc5+ 0-1

[Event "Tashkent President op 2nd"]
[Site "Tashkent"]
[Date "2022.09.12"]
[Round "9"]
[White "Aitbayev, Aslan"]
[Black "Yilmaz, Mustafa"]
[Result "1/2-1/2"]
[WhiteElo "2412"]
[BlackElo "2633"]
[PlyCount "210"]
[EventDate "2022.09.07"]
[EventType "swiss"]
[EventRounds "10"]
[EventCountry "UZB"]
[SourceTitle "CBM 210 Extra"]
[Source "ChessBase"]
[SourceDate "2022.11.30"]
[SourceVersion "1"]
[SourceVersionDate "2022.11.30"]
[SourceQuality "1"]

1. e4 c5 2. Nf3 d6 3. Bb5+ Nd7 4. a4 Ngf6 5. Nc3 g6 6. 0-0 Bg7 7. Re1 a6 8. Bf1 b6 9. d3 Bb7 10. Bg5 h6 11. Bd2 0-0 12. Qc1 Kh7 13. g3 Ne5 14. Nxe5 dxe5 15. Bg2 Rc8 16. Nd1 c4 17. dxc4 Rxc4 18. f3 Qd7 19. b3 Rc6 20. Ne3 Rfc8 21. Nc4 b5 22. axb5 axb5 23. Ne3 Qd4 24. Kh1 h5 25. c4 bxc4 26. Nxc4 Ba6 27. Bc3 Qd3 28. Nxe5 Qxc3 29. Qxc3 Rxc3 30. Rxa6 Nxe4 31. Rxe4 Rc1+ 32. Bf1 Rxf1+ 33. Kg2 Rb1 34. Nxf7 Rc2+ 35. Kh3 Bf6 36. Rxf6 exf6 37. Re7 g5 38. Nxg5+ Kg6 39. Ne6 Rbb2 40. Nf8+ Kg5 41. Ne6+ Kh6 42. g4 Re2 43. gxh5 Re5 44. Re8 Kxh5 45. Nf4+ Kg5 46. Rxe5+ fxe5 47. Nd3 Re2 48. Kg3 Kf5 49. Nc5 Rc2 50. Ne4 Rb2 51. Nc5 Rb1 52. h3 Rg1+ 53. Kf2 Rh1 54. Kg3 Rc1 55. Ne4 Rb1 56. Nc5 Rb2 57. h4 Rb1 58. Ne4 Rxb3 59. Nd6+ Ke6 60. Ne4 Rb1 61. Kg4 Rg1+ 62. Ng3 Kf6 63. Kh3 Ra1 64. Kg4 Ra8 65. Ne4+ Ke6 66. Ng5+ Kf6 67. Ne4+ Kg6 68. h5+ Kh6 69. Kf5 Rf8+ 70. Kxe5 Rxf3 71. Nf6 Kg5 72. Ne4+ Kxh5 73. Nf6+ Kg6 74. Ne4 Rf1 75. Nd6 Kg5 76. Ne4+ Kg4 77. Nf6+ Kf3 78. Nd5 Re1+ 79. Kf5 Re8 80. Nf6 Rf8 81. Ke5 Ke3 82. Nd5+ Kd3 83. Nf4+ Kc4 84. Ne6 Rf1 85. Nf4 Re1+ 86. Kf5 Kd4 87. Ne6+ Kd5 88. Nf4+ Kd6 89. Ng6 Re2 90. Nf4 Re5+ 91. Kg4 Ra5 92. Kf3 Ke5 93. Nd3+ Kd4 94. Nf4 Rf5 95. Kg4 Ke4 96. Ng6 Ra5 97. Ne7 Ra1 98. Kg5 Rf1 99. Ng6 Rf5+ 100. Kg4 Rc5 101. Ne7 Ke5 102. Ng6+ Ke4 103. Ne7 Rc1 104. Kg5 Rc5+ 105. Kg4 Rc6 1/2-1/2

[Event "Tashkent President op 2nd"]
[Site "Tashkent"]
[Date "2022.09.08"]
[Round "2"]
[White "Gareyev, Timur"]
[Black "Aitbayev, Aslan"]
[Result "1-0"]
[WhiteElo "2608"]
[BlackElo "2412"]
[PlyCount "29"]
[EventDate "2022.09.07"]
[EventType "swiss"]
[EventRounds "10"]
[EventCountry "UZB"]
[SourceTitle "CBM 210 Extra"]
[Source "ChessBase"]
[SourceDate "2022.11.30"]
[SourceVersion "1"]
[SourceVersionDate "2022.11.30"]
[SourceQuality "1"]

1. d4 d5 2. c4 e6 3. Nc3 Nf6 4. Bg5 Be7 5. e3 h6 6. Bf4 0-0 7. Nf3 b6 8. g4 Bb7 9. g5 hxg5 10. Bxg5 c5 11. Rg1 Ne4 12. Bh6 Bf6 13. Nxe4 dxe4 14. Ne5 g6 15. Qh5 1-0

[Event "Atyrau op"]
[Site "Atyrau"]
[Date "2022.08.22"]
[Round "8"]
[White "Bizhigitov, Zhangir"]
[Black "Aitbayev, Aslan"]
[Result "1/2-1/2"]
[WhiteElo "2199"]
[BlackElo "2412"]
[PlyCount "193"]
[EventDate "2022.08.15"]
[EventType "swiss"]
[EventRounds "9"]
[EventCountry "KAZ"]
[SourceTitle "CBM 210 Extra"]
[Source "ChessBase"]
[SourceDate "2022.11.30"]
[SourceVersion "1"]
[SourceVersionDate "2022.11.30"]
[SourceQuality "1"]

1. e4 e6 2. d4 d5 3. e5 c5 4. c3 Qb6 5. Nf3 Bd7 6. Bd3 cxd4 7. 0-0 Bb5 8. Bxb5+ Qxb5 9. Nxd4 Qd7 10. f4 Nc6 11. Be3 Nge7 12. Qd3 h5 13. Nd2 Nxd4 14. Bxd4 Nf5 15. Bf2 Be7 16. c4 dxc4 17. Qxd7+ Kxd7 18. Nxc4 Rhc8 19. Rac1 Rc6 20. Rfd1+ Ke8 21. b3 Rac8 22. a4 a6 23. a5 Bb4 24. Ra1 Rd8 25. Rxd8+ Kxd8 26. Rd1+ Ke7 27. g3 Bc5 28. Kg2 Bxf2 29. Kxf2 Rc5 30. h3 Rd5 31. Rxd5 exd5 32. Ne3 Nd4 33. Nxd5+ Ke6 34. Ne3 Nxb3 35. Nc4 f6 36. exf6 gxf6 37. g4 hxg4 38. hxg4 Kd5 39. Nb6+ Ke4 40. g5 fxg5 41. fxg5 Kf5 42. Nc4 Kxg5 43. Ke3 Kf6 44. Kd3 Ke6 45. Kc3 Nc5 46. Kd4 Na4 47. Ke4 Kd7 48. Kd5 Kc7 49. Nd6 Nc3+ 50. Kc5 Kb8 51. Kb4 Nd5+ 52. Kc5 Ne7 53. Nc4 Kc7 54. Nb6 Nc6 55. Nc4 Nb8 56. Ne5 Nc6 57. Nc4 Ne7 58. Nd6 Ng6 59. Nc4 Nf4 60. Nd6 Nd3+ 61. Kd5 Nc1 62. Ne8+ Kb8 63. Kc5 Nd3+ 64. Kd4 Nb4 65. Kc5 Nc6 66. Kb6 Ne5 67. Kc5 Kc8 68. Nd6+ Kc7 69. Ne8+ Kb8 70. Nd6 Kc7 71. Ne8+ Kc8 72. Nd6+ Kb8 73. Ne8 Ka7 74. Nd6 Nc6 75. Nc4 Kb8 76. Kb6 Ne7 77. Kc5 Kc7 78. Nd6 Nc6 79. Nc4 Nd8 80. Nd6 Ne6+ 81. Kd5 Nf4+ 82. Kc5 Nd3+ 83. Kd5 Nc1 84. Ne8+ Kb8 85. Kc5 Ka7 86. Nd6 Nb3+ 87. Kb4 Nd4 88. Kc5 Ne6+ 89. Kd5 Nf4+ 90. Kc5 Nd3+ 91. Kd5 b5 92. axb6+ Kxb6 93. Kc4 Ne5+ 94. Kb3 Kc5 95. Ne4+ Kd5 96. Ka4 Kxe4 97. Ka5 1/2-1/2

[Event "Atyrau op"]
[Site "Atyrau"]
[Date "2022.08.20"]
[Round "6"]
[White "Sivuk, Vitaly"]
[Black "Aitbayev, Aslan"]
[Result "1-0"]
[WhiteElo "2579"]
[BlackElo "2412"]
[PlyCount "79"]
[EventDate "2022.08.15"]
[EventType "swiss"]
[EventRounds "9"]
[EventCountry "KAZ"]
[SourceTitle "CBM 210 Extra"]
[Source "ChessBase"]
[SourceDate "2022.11.30"]
[SourceVersion "1"]
[SourceVersionDate "2022.11.30"]
[SourceQuality "1"]

1. d4 Nf6 2. c4 g6 3. Nc3 Bg7 4. e4 d6 5. Be2 0-0 6. Nf3 e5 7. 0-0 Nbd7 8. Qc2 Qe7 9. Be3 c6 10. Rad1 h6 11. d5 c5 12. g3 Kh8 13. a3 Nh7 14. Nh4 Ndf6 15. f3 Nh5 16. b4 b6 17. bxc5 bxc5 18. Bf2 Ng5 19. Kh1 Nh3 20. Be1 Bf6 21. Ng2 Bg7 22. Rb1 Nf6 23. Bd2 Ne8 24. Qa4 Nc7 25. Qc6 f5 26. Nh4 Kh7 27. exf5 gxf5 28. Bd3 Ng5 29. Rbe1 Rb8 30. f4 Rb2 31. fxg5 Rxd2 32. Bxf5+ Bxf5 33. Nxf5 Qf7 34. Ne4 Rb2 35. g4 Rb6 36. gxh6 Bxh6 37. Nexd6 Rxc6 38. Nxf7 Rxf7 39. dxc6 Bf4 40. Rd1 1-0

[Event "Aktobe Dvorkovich Rapid op"]
[Site "Aktobe"]
[Date "2022.06.21"]
[Round "1"]
[White "Aitbayev, Aslan"]
[Black "Shevtsova, Stefania"]
[Result "1-0"]
[WhiteElo "2420"]
[BlackElo "1520"]
[PlyCount "113"]
[EventDate "2022.06.21"]
[EventType "swiss (rapid)"]
[EventRounds "9"]
[EventCountry "KAZ"]
[SourceTitle "CBM 209 Extra"]
[Source "ChessBase"]
[SourceDate "2022.09.30"]
[SourceVersion "1"]
[SourceVersionDate "2022.09.30"]
[SourceQuality "1"]

1. e4 c6 2. d4 d5 3. Nc3 dxe4 4. Nxe4 Bf5 5. Ng3 Bg6 6. h4 h6 7. Nf3 Nd7 8. h5 Bh7 9. Bd3 Bxd3 10. Qxd3 e6 11. Bd2 Be7 12. 0-0-0 Ngf6 13. Kb1 Rc8 14. Ne4 Nxe4 15. Qxe4 Nf6 16. Qe2 Qd5 17. Ne5 Qe4 18. Qxe4 Nxe4 19. Be3 0-0 20. g4 Rfd8 21. f3 Ng5 22. Rhf1 Bf6 23. Nc4 b5 24. Na5 Rd5 25. c3 Be7 26. Nb3 Rcd8 27. Rde1 a6 28. Bc1 Bf8 29. Be3 Be7 30. Kc2 R5d7 31. Ra1 Rc8 32. a4 b4 33. c4 Bf6 34. Rad1 Rcd8 35. Nc5 Ra7 36. f4 Nh7 37. a5 Raa8 38. Kb3 Rdb8 39. Nd7 Rb7 40. Nb6 Rab8 41. Kxb4 Bd8 42. c5 Nf6 43. Kc4 Nd5 44. Bd2 Bc7 45. f5 exf5 46. Rxf5 Rd8 47. Nxd5 cxd5+ 48. Rxd5 Rxd5 49. Kxd5 Rxb2 50. Kc6 Bg3 51. d5 Rb5 52. d6 Bf2 53. Rc1 Bh4 54. d7 Kf8 55. Bf4 Rxa5 56. Re1 Be7 57. Bd6 1-0

[Event "Aktobe Dvorkovich Rapid op"]
[Site "Aktobe"]
[Date "2022.06.21"]
[Round "3"]
[White "Aitbayev, Aslan"]
[Black "Talgatov, Nazar"]
[Result "1-0"]
[WhiteElo "2420"]
[BlackElo "1845"]
[PlyCount "128"]
[EventDate "2022.06.21"]
[EventType "swiss (rapid)"]
[EventRounds "9"]
[EventCountry "KAZ"]
[SourceTitle "CBM 209 Extra"]
[Source "ChessBase"]
[SourceDate "2022.09.30"]
[SourceVersion "1"]
[SourceVersionDate "2022.09.30"]
[SourceQuality "1"]

1. d4 Nf6 2. c4 g6 3. Nc3 Bg7 4. e4 d6 5. Nf3 Bg4 6. Be2 0-0 7. h3 Bxf3 8. Bxf3 Nc6 9. d5 Ne5 10. Be2 c6 11. 0-0 Rc8 12. Bf4 Ned7 13. Qd2 a6 14. Bd3 Re8 15. Bh6 Bxh6 16. Qxh6 Qb6 17. Qd2 cxd5 18. Nxd5 Qd4 19. Rad1 Nxd5 20. exd5 Ne5 21. b3 Qxd3 22. Qxd3 Nxd3 23. Rxd3 b5 24. Rc1 Rc5 25. Rdc3 Rec8 26. f4 Kf8 27. Kf2 a5 28. Ke3 b4 29. Rd3 a4 30. Kd4 axb3 31. axb3 Ra8 32. Rd2 Ra3 33. Rb2 Ke8 34. Re1 Kd8 35. Rbe2 Rc7 36. Rb2 Ra5 37. Rc1 Kd7 38. Re1 Rca7 39. Rbe2 Kd8 40. Rb2 Ra2 41. Ree2 Ra1 42. c5 dxc5+ 43. Kxc5 Kd7 44. Kxb4 Kd6 45. Kc4 Rc7+ 46. Kd4 Rc5 47. Ke4 f5+ 48. Kf3 Rxd5 49. Rbd2 e6 50. Rxd5+ exd5 51. Re8 Rb1 52. Rb8 Kc5 53. Ke3 Re1+ 54. Kd3 Rg1 55. g4 Rg3+ 56. Kc2 fxg4 57. hxg4 Rxg4 58. Rb7 h5 59. Rg7 Kd4 60. Kd2 Rg2+ 61. Ke1 Ke4 62. Rd7 d4 63. Rd6 h4 64. Rd7 h3 1-0